000 00526nam a2200205Ia 4500
003 0100
008 130227s9999 xx 000 0 und d
040 _cARRUPELIB
050 _aHV91.D462 1988
100 _aGutmann, Amy
245 _aDemocracy and the welfare state
260 _aNew Jersey
260 _bPrinceton University Press
260 _C1988
300 _aix
300 _b 290p. 24cm.
650 _bNegroes - Education - Harlem, New York (City)
650 _cNegro children' s writings
942 _2lcc
_01
999 _c4622
_d4622